Cine : 100 años de filosofía : una introducción a la filosofía a través del análisis de películas /
Análisis de varias obras cinematográficas que, ya sea en algunos de sus fragmentos o en su totalidad, contribuyen a la instauración de la experiencia vivida de un problema filosófico. Un dispar grupo de autores fílmicos como Steven Spielberg, Frank Capra, Luis Buñuel o Vittorio De Sica se dan cita e...
Tallennettuna:
| Päätekijä: | |
|---|---|
| Aineistotyyppi: | Kirja |
| Kieli: | espanja |
| Julkaistu: |
Barcelona, España :
Gedisa,
1999, c1999
|
| Sarja: | (Cine &... Filosofía;
1) |
| Aiheet: | |
| Tagit: |
Ei tageja, Lisää ensimmäinen tagi!
|
MARC
| LEADER | 00000nam^a2200000^a^4500 | ||
|---|---|---|---|
| 001 | 000129278 | ||
| 005 | 20250521000000.0 | ||
| 009 | 20260310094905.85 | ||
| 020 | |a 84-7432-710-5 | ||
| 037 | |a Acervo ITESO - Biblioteca | ||
| 041 | |a ESP | ||
| 082 | |a 302. 235312 |b CAB | ||
| 100 | |a Cabrera, Julio |e (autor) | ||
| 245 | 1 | 0 | |a Cine : |b 100 años de filosofía : una introducción a la filosofía a través del análisis de películas / |c J. Cabrera. |
| 264 | 4 | |a Barcelona, España : |b Gedisa, |c 1999, c1999 | |
| 300 | |a 364 p. | ||
| 336 | |a texto |b txt |2 rdacontenido | ||
| 337 | |a sin mediación |b n |2 rdamedio | ||
| 338 | |a volumen |b nc |2 rdasoporte | ||
| 440 | 1 | |a (Cine &... Filosofía; |v 1) | |
| 520 | |a Análisis de varias obras cinematográficas que, ya sea en algunos de sus fragmentos o en su totalidad, contribuyen a la instauración de la experiencia vivida de un problema filosófico. Un dispar grupo de autores fílmicos como Steven Spielberg, Frank Capra, Luis Buñuel o Vittorio De Sica se dan cita en esta obra con un colectivo heterógeneo de filósofos que incluye a Aristóteles, Bacon, Descartes o Nietzsche. En palabras del autor, sus análisis resaltan aquellas partes donde la obra fílmica duele y el espectador puede aprender algo padeciéndolo. | ||
| 649 | |a XX | ||
| 650 | |a Filosofía en el Cine - |x Historia y Crítica - |x Tema Principal | ||
| 650 | |a Filosofía | ||
| 650 | |a Cine - |x Historia y Crítica | ||
| 650 | |a Cine - |y Siglo XX | ||
| 910 | |a Fondo General | ||
| 920 | |a Impresos - Libros | ||
| 930 | |a Colección General | ||
| 905 | |a 101 | ||
| 901 | |a 0500059653 |b IT1 |c ACC |u 20250521 | ||
| 901 | |a 0500204007 |b IT1 |c ACC |i C130608 |u 20250521 | ||
| 902 | |a https://opac.biblio.iteso.mx/vufind/Record/000129278 | ||